000 00576cam a2200217 a 4500
001 1477995
005 20180103075410.0
008 870723s1988 nyua b 001 0 eng
010 _a 87020694
020 _a0394367685 :
_c$29.00
040 _aDLC
_cDLC
_dDLC
041 _aeng
080 _a511
082 0 0 _a511 ROS
_219
100 1 _a36
101 _aMAT
245 1 0 _aDiscrete mathematics and its applications /
_cKenneth H. Rosen.
504 _aBibliography: p. [18]-[26] (last group)
906 _a7
_bcbc
_corignew
_d1
_eocip
_f19
_gy-gencatlg
942 _2ddc
_cBK
999 _c39648
_d39648